Survival of the smartest : Managing information for rapid action and world-class performance

Bibliographic Details
Main Author: Mendelson, Haim
Other Authors: Ziegler, Johannes
Format: Book
Published: New York : John Wiley & Sons , 1999
Subjects:

MARC

LEADER 00000cam a2200000 7i4500
001 0000006641
005 20050429.0
020 |a 0471295604 
040 |a INS 
090 0 0 |a HD62.37   |b M46 1999 
100 1 |a Mendelson, Haim 
245 1 0 |a Survival of the smartest :   |b Managing information for rapid action and world-class performance   |c Haim Mendelson, Ziegler Johannes 
260 |a New York :   |b John Wiley & Sons ,   |c 1999 
300 |a 255 p. ;   |c 24cm. 
650 0 0 |a Corporate culture 
650 0 0 |a High technology industries   |x Management 
650 0 0 |a Management information systems 
650 0 0 |a Organizational effectiveness 
700 1 |a Ziegler, Johannes 
999 |a 0000007660   |b BOOK   |c Open Shelf   |e Default branch